书目信息 |
| 题名: |
一口气漫画沟通高手
|
|
| 作者: | 古木 编著 | |
| 分册: | ||
| 出版信息: | 北京 北京燕山出版社有限公司 2024.06 |
|
| 页数: | 225页 | |
| 开本: | 24cm | |
| 丛书名: | ||
| 单 册: | ||
| 中图分类: | C912.11 | |
| 科图分类: | ||
| 主题词: | 心理交往--通俗读物 | |
| 电子资源: | ||
| ISBN: | 978-7-5402-7246-3 | |
| 000 | 00764nam0 2200229 450 | |
| 001 | 012711752 | |
| 005 | 20251022160437.73 | |
| 010 | @a978-7-5402-7246-3@dCNY48.00 | |
| 100 | @a20240913d2024 em y0chiy0120 ea | |
| 101 | 0 | @achi |
| 102 | @aCN@b110000 | |
| 105 | @aa z 000yy | |
| 106 | @ar | |
| 200 | 1 | @a一口气漫画沟通高手@9yi kou qi man hua gou tong gao shou@f古木编著 |
| 210 | @a北京@c北京燕山出版社有限公司@d2024.06 | |
| 215 | @a225页@c图@d24cm | |
| 330 | @a本书共分十二章,内容包括:会说话的人有好命、沟通高手是怎样练成的、聪明人都在用的谈判口才策略、幽默成大事、演讲和辩论的技巧等。 | |
| 606 | 0 | @a心理交往@j通俗读物 |
| 690 | @aC912.11@v5 | |
| 701 | 0 | @a古木@9gu mu@4编著 |
| 801 | 0 | @aCN@c20250905 |
| 905 | @a河南城建学院图书馆@dC912.1@eG448@ZG448@f1 | |
| 一口气漫画沟通高手/古木编著.-北京:北京燕山出版社有限公司,2024.06 |
| 225页:图;24cm |
| ISBN 978-7-5402-7246-3:CNY48.00 |
| 本书共分十二章,内容包括:会说话的人有好命、沟通高手是怎样练成的、聪明人都在用的谈判口才策略、幽默成大事、演讲和辩论的技巧等。 |
| ● |
| 相关链接 |
|
|
|
正题名:一口气漫画沟通高手
索取号:C912.1/G448
 
预约/预借
| 序号 | 登录号 | 条形码 | 馆藏地/架位号 | 状态 | 备注 |
| 1 | 1631438 | 216314389 | 社科库509/509社科库 56排7列6层/ [索取号:C912.1/G448] | 在馆 |